Manažment výroby 2

Guardado en:
Detalles Bibliográficos
Autor principal: Leščišin, Michal
Autor Corporativo: Ekonomická univerzita v Bratislave. Fakulta podnikového manažmentu
Otros Autores: Stern, Juraj, Dupaľ, Andrej
Formato: Libro
Lenguaje:eslovaco
Publicado: Bratislava Vydavateľstvo Ekonóm 1998
Materias:
Etiquetas: Agregar Etiqueta
Sin Etiquetas, Sea el primero en etiquetar este registro!

MARC

LEADER 00000nam a2200000 4500
001 c105421
005 20240502071315.0
020 |a 80-225-1059-9 
041 0 |a slo 
044 |a SK 
245 1 0 |a Manažment výroby 2  |c Michal Leščišin, Juraj Stern, Andrej Dupaľ 
264 1 |a Bratislava  |b Vydavateľstvo Ekonóm  |c 1998 
300 |a 242 s. 
610 2 0 |a manažment 
610 2 0 |a výroba 
610 2 0 |a kvalita 
610 2 0 |a analýzy 
610 2 0 |a organizácia výroby 
610 2 0 |a proces výrobný 
610 2 0 |a automatizácia výroby 
610 2 0 |a logistika 
610 2 0 |a obsluha 
610 2 0 |a systémy informačné 
610 2 0 |a služby 
100 1 |a Leščišin, Michal 
700 1 |a Stern, Juraj 
700 1 |a Dupaľ, Andrej 
710 2 |a Ekonomická univerzita v Bratislave. Fakulta podnikového manažmentu